| 000 | 00385nam a2200145Ia 4500 | ||
|---|---|---|---|
| 008 | 100415s9999 xx 000 0 und d | ||
| 082 |
_b13563 _a597.6 |
||
| 100 | _aSergeev BF | ||
| 245 | _aThe World of the Amphibians | ||
| 260 |
_aMOSCOW _c1983 _bMIR PUBLISHERS |
||
| 365 | _b6.5 | ||
| 630 | _aThe World of the Amphibians | ||
| 730 | _aThe World of the Amphibians | ||
| 942 | _cBOOK | ||
| 999 |
_c596477 _d596474 |
||